Movies Quiz

Random Movies or Disney Quiz

Songs By Scene: Mary Poppins Quiz Stats

Quiz Updated Nov 1, 2017

Challenge
Share
Tweet
Score 0/12 Timer 05:00
1 Play Today
% Correct
Sister Suffragette
94.5%
Let's Go Fly a Kite
93%
I Love to Laugh
85%
Stay Awake
83.5%
Fidelity Fiduciary Bank
83.2%
Feed the Birds
82.1%
The Life I Lead
82%
A Spoonful of Sugar
81.1%
Supercalifragilisticexpialidocious
80.9%
Jolly Holiday
80.5%
Step in Time
78.9%
Chim Chim Cher-ee
64%

You're not logged in!

Compare scores with friends on all Sporcle quizzes.
Sign Up with Email
OR
Log In

You Might Also Like...

Show Comments

Extras

Top Quizzes Today


Score Distribution

Your Account Isn't Verified!

In order to create a playlist on Sporcle, you need to verify the email address you used during registration. Go to your Sporcle Settings to finish the process.

Report this User

Report this user for behavior that violates our Community Guidelines.

Details: